[Event "40th Olympiad Open"]
[Site "Istanbul TUR"]
[Date "2012.09.09"]
[Round "11.29"]
[White "Nyback,T"]
[Black "Solak,D"]
[Result "0-1"]
[WhiteElo "2638"]
[BlackElo "2599"]

1.d4 c6 2.c4 d5 3.Nf3 Nf6 4.Qb3 dxc4 5.Qxc4 Bf5 6.g3 e6 7.Bg2 Nbd7 8.O-O Be7
9.e3 Ne4 10.Rd1 h5 11.Nfd2 Ndf6 12.Nc3 Nxc3 13.bxc3 Bc2 14.Re1 h4 15.e4 hxg3
16.hxg3 Qa5 17.a4 Nd7 18.Ba3 Nb6 19.Qa2 Qxc3 20.Bxe7 Kxe7 21.a5 Qxd2 22.axb6 axb6
23.Qb2 Rxa1 24.Rxa1 Rd8 25.d5 cxd5 26.exd5 exd5 27.Rc1 Rc8 28.Bh3 Rc3 29.Ra1 Qd4
30.Re1+ Kf8 31.Bg2 Be4 32.Qa1 Qc5 33.Bxe4 dxe4 34.Qa8+ Qc8 35.Qxc8+ Rxc8
36.Rxe4 Rc6 37.f4 b5 38.Kf2 Rb6 39.Rb4 Ke7 40.Ke3 Kd6 41.Rd4+ Kc5 42.Rd7 b4  0-1

[Event "TCh-NED Meesterklasse 2012-13"]
[Site "Den Bosch NED"]
[Date "2012.09.15"]
[Round "1.7"]
[White "Konings,F"]
[Black "Van Beek,Al"]
[Result "0-1"]
[WhiteElo "2283"]
[BlackElo "2324"]

1.d4 d5 2.c4 c6 3.Nf3 Nf6 4.Qc2 dxc4 5.Qxc4 Bf5 6.g3 e6 7.Bg2 Nbd7 8.O-O Be7
9.e3 Ne4 10.Nfd2 Nxd2 11.Bxd2 e5 12.dxe5 Nxe5 13.Qf4 Bxb1 14.Qxe5 f6 15.Qc3 Bf5
16.e4 Be6 17.Be3 O-O 18.Rfd1 Qc7 19.a4 a5 20.Bf1 Bb4 21.Qc1 Rad8 22.Rxd8 Rxd8
23.Bc4 Qf7 24.Bxe6 Qxe6 25.Qc2 Re8 26.f3 f5 27.Bd2 fxe4 28.Re1 Bxd2 29.Qxd2 e3
30.Qxa5 Qf6 31.Qb4 Qxf3 32.Qb3+ Kh8 33.Rf1 Qe4 34.Qa3 h6 35.Rf8+ Rxf8 36.Qxf8+ Kh7
37.Kf1 Qd3+ 38.Kg2 Qc2+ 39.Kg1 Qb1+ 40.Qf1 Qc2 41.Qf3 Qb1+ 42.Qf1 Qe4 43.Qe2 c5
44.h4 Kg6 45.Kh2 h5 46.b3 Kf6 47.a5 g6 48.a6 bxa6 49.Qxa6+ Ke5 50.Qe2 Qd4
51.Qb5 Qd2+ 52.Kh3 Qd5 53.Kh2 Ke4 54.Qe8+ Kf3 55.Qf8+ Qf5 56.Qa8+ Kf2 57.Qa1 Qf3  0-1

[Event "zt 3.5 China Men 2012"]
[Site "Beijing CHN"]
[Date "2012.09.16"]
[Round "4.20"]
[White "Fang,Yuxiang"]
[Black "Yu,Chaojie"]
[Result "0-1"]
[WhiteElo "2104"]
[BlackElo "2159"]

1.Nf3 d5 2.d4 Nf6 3.c4 c6 4.Qb3 Qb6 5.Nc3 Bf5 6.cxd5 Nxd5 7.Nxd5 Qxb3 8.Nc7+ Kd7
9.axb3 Kxc7 10.Bf4+ Kc8 11.Ne5 f6 12.Nc4 Nd7 13.e3 b5 14.Nd2 e5 15.Bg3 exd4
16.exd4 Bb4 17.Rc1 Kb7 18.Be2 Nb6 19.Bf3 Rac8 20.Bf4 Rhe8+ 21.Be3 Bd3 22.Be2 Nd5
23.Kd1 Nxe3+ 24.fxe3 Rxe3 25.Bf3 Bf5 26.d5 Rd3 27.dxc6+ Kb6 28.Rc2 Rcd8  0-1

[Event "DYTM KL Open 2012"]
[Site "Kuala Lumpur MAS"]
[Date "2012.09.20"]
[Round "6.25"]
[White "Lim,Z"]
[Black "Tan,Li Ting"]
[Result "1-0"]
[WhiteElo "2120"]
[BlackElo "1834"]

1.d4 d5 2.c4 c6 3.Nf3 Nf6 4.g3 g6 5.Bg2 Bg7 6.O-O O-O 7.Nc3 a6 8.b3 b5 9.Bf4 Bb7
10.Rc1 Nbd7 11.Qc2 Nh5 12.c5 Nxf4 13.gxf4 e6 14.Ne5 f6 15.Nxd7 Qxd7 16.e3 Rae8
17.Ne2 f5 18.Qd2 Bf6 19.a4 Qc7 20.Ra1 Ra8 21.b4 h6 22.Ra3 g5 23.Rfa1 Rfb8
24.Kh1 Kf7 25.Ng1 g4 26.Ne2 h5 27.Nc1 Qc8 28.Nd3 Kg6 29.R3a2 Qd8 30.f3 Qh8
31.Kg1 Kf7 32.Kf1 Ke7 33.Qf2 Kd7 34.Ke1 Qh7 35.Kd1 Kc7 36.Ra3 Qg7 37.Kc2 Qg6
38.R3a2 Qg7 39.Bh1 Qh7 40.Kc3 Qg7 41.Ra3 Qh7 42.Bg2 Qg7 43.R1a2 Qh8 44.Qe1 Qc8
45.Qa1 Kd7 46.Nc1 Bd8 47.Nb3 Bc7 48.fxg4 hxg4 49.h3 gxh3 50.Bxh3 Qh8 51.Qf1 Rg8
52.Bg2 Qg7 53.Bf3 Raf8 54.axb5 axb5 55.Ra7 Ra8 56.Rxa8 Rxa8 57.Rg2 Qe7 58.Qg1 Rf8
59.Rg6 Kc8 60.Rg7 Qh4 61.Rxc7+ Kxc7 62.Qg7+ Kb8 63.Qxf8+ Ka7 64.Kd2 Qf2+
65.Be2 Qg1 66.Nc1 Qg2 67.Qh6 Qe4 68.Nd3 Bc8 69.Qh3  1-0

[Event "21st TCh-CRO 1a 2012"]
[Site "Sibenik CRO"]
[Date "2012.09.24"]
[Round "2.51"]
[White "Avrukh,B"]
[Black "Balogh,C"]
[Result "1/2-1/2"]
[WhiteElo "2596"]
[BlackElo "2668"]

1.d4 d5 2.c4 c6 3.Nf3 Nf6 4.Qb3 dxc4 5.Qxc4 Bf5 6.g3 e6 7.Bg2 Be7 8.O-O O-O
9.e3 Nbd7 10.Rd1 Qc7 11.Nc3 Nd5 12.Bd2 Nxc3 13.Bxc3 Be4 14.Rac1 Rfd8 15.Qe2 Nf6
16.Ne5 Bxg2 17.Kxg2 Nd7 18.Nd3 Qb6 19.e4 Qa6 20.a3 Rac8 21.Qf3 Qb5 22.h4 c5
23.d5 exd5 24.exd5 Bf6 25.Rd2 Bxc3 26.Rxc3 c4 27.Nf4 Nf6 28.Re3 Qc5 29.g4 Re8
30.Rde2 Rxe3 31.Rxe3 Qd6 32.g5 Nd7 33.Qe4 b5 34.h5 Nc5 35.Qd4 Nb3 36.Qe5 Qxe5
37.Rxe5 Nd4 38.d6 Rd8 39.Rd5 Ne6 40.Kf3 a6 41.h6 gxh6 42.gxh6 Nxf4 43.Kxf4 f6
44.Kf5 Kf7 45.f4 Rd7 46.Rd2 Rd8 47.Rd1 Rd7 48.Rg1 Rxd6 49.Rg7+ Kf8 50.Rxh7 Rd2
51.Kxf6 Kg8 52.Rg7+ Kh8 53.f5 Rxb2 54.Rc7 a5 55.Kf7 b4 56.axb4 axb4 57.f6 c3
58.Ke6 Re2+ 59.Kf5 Rf2+ 60.Kg6 Rg2+ 61.Kf5 Rf2+ 62.Kg6  1/2-1/2

[Event "21st TCh-CRO 1a 2012"]
[Site "Sibenik CRO"]
[Date "2012.09.24"]
[Round "2.53"]
[White "Sertic,Ru"]
[Black "Rogic,D"]
[Result "1/2-1/2"]
[WhiteElo "2397"]
[BlackElo "2578"]

1.d4 d5 2.c4 c6 3.Nf3 Nf6 4.Qc2 e6 5.g3 Nbd7 6.Bg2 Bb4+ 7.Nbd2 O-O 8.O-O b5
9.c5 Ba5 10.e4 Bc7 11.e5 Ne8 12.Ne1 a5 13.b4 axb4 14.Nb3 f6 15.f4 fxe5 16.fxe5 Rxf1+
17.Bxf1 Nf8 18.h4 Qd7 19.Ng2 Bd8 20.Be3 g6 21.Bd3 Ng7 22.g4 Qe8 23.Bh6 Ra7
24.Rf1 Rf7 25.Rxf7 Qxf7 26.Qf2 Qa7 27.Kh2 Bd7 28.Kg3 Be8 29.Bb1 Qa3 30.Ne1 Be7
31.Nf3 Qa8 32.Qd2 Qa3 33.Kh3 Nd7 34.Qc2 Nf8 35.Ne1 Qa8 36.Qd2 Qd8 37.Nf3 Qa8
38.Qxb4 Bd8 39.Kg3 Qa7 40.Kg2 Nd7 41.Bg5 Bc7 42.Bh6 Bd8 43.Kg3 Nf8 44.Ng1 Nd7
45.Nf3 Nf8  1/2-1/2

[Event "Tatry Open 2012"]
[Site "Tatranske Zruby SVK"]
[Date "2012.09.24"]
[Round "2.29"]
[White "Jablonicky,F"]
[Black "Ruzicka,M"]
[Result "0-1"]
[WhiteElo "2173"]
[BlackElo "2059"]

1.Nf3 d5 2.d4 Nf6 3.c4 c6 4.Nbd2 Bf5 5.g3 e6 6.Bg2 h6 7.O-O Bd6 8.Qb3 Qc7
9.c5 Be7 10.Ne5 Nbd7 11.Ndf3 Nxe5 12.Nxe5 Nd7 13.Nxd7 Qxd7 14.Qc3 O-O 15.b4 b6
16.cxb6 axb6 17.Bb2 Rfc8 18.Rfc1 Ra4 19.a3 Bf6 20.Qb3 Raa8 21.a4 Qe7 22.f3 e5
23.e4 dxe4 24.fxe4 Bd7 25.d5 cxd5 26.Rxc8+ Rxc8 27.exd5 e4 28.Re1 Bxb2 29.Qxb2 Rc4
30.Qe2 Qxb4 31.Bxe4 Qxa4 32.Bb1 Rc8 33.Qe4 Qxe4 34.Bxe4 Kf8 35.d6 Re8 36.Kf2 Re6  0-1

[Event "Tatry Open 2012"]
[Site "Tatranske Zruby SVK"]
[Date "2012.09.24"]
[Round "2.8"]
[White "Turna,S"]
[Black "Schwarz,Du"]
[Result "0-1"]
[WhiteElo "2208"]
[BlackElo "2305"]

1.d4 d5 2.c4 c6 3.Nf3 Nf6 4.Qc2 dxc4 5.Qxc4 Bf5 6.Nc3 e6 7.g3 Nbd7 8.Bg2 Be7
9.O-O O-O 10.Bg5 h6 11.Bxf6 Bxf6 12.e4 Bg4 13.e5 Be7 14.Rad1 Qa5 15.Rfe1 Rfd8
16.h3 Bf5 17.g4 Bg6 18.Qe2 Nb6 19.a3 Nd5 20.Nxd5 cxd5 21.Rc1 Rac8 22.Qe3 Be4
23.Rxc8 Rxc8 24.Rc1 Rc7 25.b4 Qb6 26.Rc3 a5 27.bxa5 Qxa5 28.Rxc7 Qxc7 29.Ne1 Bxg2
30.Kxg2 Qc4 31.Nf3 b5 32.h4 Qa4 33.Qd3 g6 34.Qc3 Qxa3 35.Qc8+ Bf8 36.Qb8 Qd3
37.h5 gxh5 38.gxh5 b4 39.Qd8 b3 40.Nh2 b2 41.Ng4 Qe4+  0-1

[Event "TCh-VIE 2012"]
[Site "Ho Chi Minh City VIE"]
[Date "2012.09.26"]
[Round "8.21"]
[White "Nguyen,Huynh Trong Hai"]
[Black "Le Minh Hoang"]
[Result "0-1"]
[WhiteElo "1866"]
[BlackElo "1939"]

1.d4 d5 2.c4 c6 3.Nf3 Nf6 4.g3 dxc4 5.Bg2 Bf5 6.Ne5 e6 7.Nc3 Bb4 8.O-O O-O
9.a3 Be7 10.e4 Bg6 11.f4 Nbd7 12.h3 Nh5 13.Kh2 Nxe5 14.dxe5 Qxd1 15.Nxd1 f6
16.g4 fxe5 17.gxh5 Bxh5 18.Nc3 exf4 19.Bxf4 Rxf4 20.Rxf4 Bd6 21.Kg3 g5 22.Re1 Bxf4+
23.Kf2 Rd8  0-1

[Event "1st Simon Bolivar Open 2012"]
[Site "San Cristobal VEN"]
[Date "2012.09.26"]
[Round "3.19"]
[White "Borges Mateos,J"]
[Black "Medina,J CUB"]
[Result "1-0"]
[WhiteElo "2453"]
[BlackElo "2287"]

1.Nf3 Nf6 2.c4 c6 3.d4 d5 4.Qc2 e6 5.Bg5 h6 6.Bxf6 Qxf6 7.Nc3 Nd7 8.e4 dxc4
9.Bxc4 e5 10.Nxe5 Nxe5 11.dxe5 Qxe5 12.Qb3 Qf4 13.O-O Bc5 14.Ne2 Qc7 15.Qc3 f6
16.Rad1 Bg4 17.h3 Bxe2 18.Bxe2 Qe5 19.Qb3 Bd6 20.Rxd6 Qxd6 21.Bh5+ g6 22.Bxg6+ Ke7
23.Rd1  1-0

[Event "Baku Open 2012"]
[Site "Baku AZE"]
[Date "2012.09.27"]
[Round "6.23"]
[White "Agaragimov,D"]
[Black "Bajarani,U"]
[Result "1/2-1/2"]
[WhiteElo "2343"]
[BlackElo "2436"]

1.d4 Nf6 2.Nf3 d5 3.c4 c6 4.Qb3 dxc4 5.Qxc4 Bf5 6.g3 e6 7.Bg2 Nbd7 8.O-O Be7
9.e3 O-O 10.Rd1 h6 11.Qe2 Ne4 12.Nfd2 Nxd2 13.Nxd2 Qb6 14.e4 Bh7 15.Nc4 Qa6
16.b3 Rfe8 17.Bf4 Rad8 18.Bf1 Nf6 19.f3 b6 20.Qb2 Qb7 21.Be3 Nd7 22.b4 Bg6
23.Rac1 f6 24.a3 Bf7 25.Bf4 Nf8 26.Be3 h5 27.f4 h4 28.Bg2 Qd7 29.Qe2 Rc8
30.gxh4 Red8 31.Bf3 Qe8 32.Kh1 c5 33.bxc5 bxc5 34.d5 exd5 35.exd5 Ng6 36.Qf2 f5
37.h5 Nh4 38.Ne5 Nxf3 39.Nxf7 Qxf7 40.Qxf3 Kh7 41.Rc2 Bf8 42.Rc4 Rc7 43.Bf2 Rcd7
44.Ra4  1/2-1/2

[Event "Baku Open 2012"]
[Site "Baku AZE"]
[Date "2012.09.27"]
[Round "6.10"]
[White "Mirzoev,A"]
[Black "Mammadova,G"]
[Result "0-1"]
[WhiteElo "2565"]
[BlackElo "2324"]

1.d4 d5 2.c4 c6 3.Nf3 Nf6 4.Qc2 e6 5.Bg5 Be7 6.e3 h6 7.Bxf6 Bxf6 8.Nc3 O-O
9.O-O-O Na6 10.h4 Nb4 11.Qb3 a5 12.a3 dxc4 13.Bxc4 b5 14.Bxb5 cxb5 15.axb4 Be7
16.bxa5 b4 17.Ne2 Bb7 18.Kd2 Rxa5 19.Ra1 Qa8 20.Rxa5 Qxa5 21.Rc1 Bd5 22.Qd3 Qa2
23.Qb1 Qa8 24.Neg1 b3 25.Ke2 Bb4 26.Ne1 Be4 27.Nd3 Rc8 28.Nf3 Bxd3+ 29.Kxd3 Qa6+
30.Ke4 Qb7+ 31.Kf4 Bd6+ 32.Ne5 Rxc1 33.Qxc1 f6 34.Qc3 fxe5+ 35.dxe5 Qb4+
36.Qxb4 Bxb4 37.Ke4 Bc3 38.Kd3 Bxb2 39.Kc4 Bxe5 40.Kxb3 Bh2 41.e4 Kf7 42.Kc4 Kf6
43.Kd3 Bc7 44.g3 Bb6 45.Ke2 Ke5 46.f3 Kd4 47.h5 Bc7  0-1

[Event "1st Simon Bolivar Open 2012"]
[Site "San Cristobal VEN"]
[Date "2012.09.27"]
[Round "4.17"]
[White "Condori,E"]
[Black "Sriram,J"]
[Result "0-1"]
[WhiteElo "2196"]
[BlackElo "2422"]

1.d4 d5 2.c4 c6 3.Nf3 Nf6 4.Qc2 dxc4 5.Qxc4 Bg4 6.Nbd2 Nbd7 7.g3 e6 8.Bg2 Be7
9.O-O O-O 10.Rd1 Rc8 11.h3 Bh5 12.Nb3 b5 13.Qc3 Qb6 14.Qe1 b4 15.e4 a5 16.Be3 Nxe4
17.d5 c5 18.dxe6 Qxe6 19.Nxa5 Bf6 20.g4 Bg6 21.Qe2 Nb6 22.a3 bxa3 23.Rxa3 h5
24.Qb5 hxg4 25.hxg4 Nd5 26.g5 Rb8 27.Nb7 Be7 28.Ra6 Nd6 29.Rxd6 Bxd6  0-1

[Event "TCh-SRB Prem w 2012"]
[Site "Valjevo SRB"]
[Date "2012.09.27"]
[Round "11.5"]
[White "Kashlinskaya,A"]
[Black "Vojinovic,J"]
[Result "1/2-1/2"]
[WhiteElo "2368"]
[BlackElo "2331"]

1.d4 d5 2.c4 c6 3.Nf3 Nf6 4.Nbd2 Bf5 5.Nh4 Bg6 6.Qb3 Qc7 7.Nxg6 hxg6 8.g3 e6
9.Bg2 Nbd7 10.O-O Be7 11.e4 dxe4 12.Nxe4 Nxe4 13.Bxe4 Qb6 14.Bg2 Qxb3 15.axb3 Nf6
16.Bd2 O-O 17.Rfe1 Rfd8 18.Bc3 a6 19.h4 Rd7 20.Bf3 Bd8 21.b4 Rc8 22.g4 Bb6
23.g5 Nh5 24.d5 cxd5 25.cxd5 Nf4 26.dxe6 Nxe6 27.Bg4 Rd6 28.Rad1 Rcd8 29.Rxd6 Rxd6
30.Rd1 Rxd1+ 31.Bxd1 Bc7 32.Kg2 Bd6 33.Bf3 Nd8 34.Be2 Nc6 35.b5 axb5 36.Bxb5 Ne7
37.Bd7 Nf5 38.Kh3 Bc5 39.f3 Ne3 40.Bc8 b6 41.Ba6 Nf5 42.Bd3 Be3 43.Bxf5 gxf5
44.Bb4 g6 45.Kg3 Bd4 46.Bc3 Be3 47.f4 Kf8 48.Kf3 Bc5 49.Ke2  1/2-1/2

[Event "Baku Open 2012"]
[Site "Baku AZE"]
[Date "2012.09.29"]
[Round "8.6"]
[White "Landa,K"]
[Black "Ghaem Maghami,E"]
[Result "1/2-1/2"]
[WhiteElo "2641"]
[BlackElo "2573"]

1.d4 Nf6 2.Nf3 d5 3.c4 c6 4.Qb3 e6 5.Bg5 Nbd7 6.Nc3 Qa5 7.Bd2 Qb6 8.e3 Qxb3
9.axb3 Bb4 10.Bd3 Bf8  1/2-1/2

[Event "Baku Open 2012"]
[Site "Baku AZE"]
[Date "2012.09.29"]
[Round "8.20"]
[White "Agaragimov,D"]
[Black "Gavasheli,A"]
[Result "1-0"]
[WhiteElo "2343"]
[BlackElo "2150"]

1.d4 d5 2.Nf3 Nf6 3.c4 c6 4.Qc2 g6 5.e3 Bg7 6.Nbd2 O-O 7.Bd3 Nbd7 8.O-O Re8
9.b3 e5 10.dxe5 Nxe5 11.Nxe5 Rxe5 12.Bb2 Re8 13.h3 dxc4 14.Nxc4 Nd5 15.Bxg7 Kxg7
16.Be4 Nf6 17.Bf3 Bf5 18.Qb2 Be6 19.Rad1 Qe7 20.Rd4 Bxc4 21.bxc4 Rad8 22.Rb1 Rxd4
23.exd4 Rd8 24.a4 Rd7 25.a5 Qd8 26.Qc3 b6 27.axb6 axb6 28.Bxc6 Rxd4 29.Bd5 Rh4
30.g3 Rxh3 31.Qd4 Qc7 32.Kg2 Rh5 33.Rxb6 Re5  1-0

[Event "34th Rashid Nezhmetdinov Cup"]
[Site "Kazan RUS"]
[Date "2012.09.29"]
[Round "4.9"]
[White "Tunik,G"]
[Black "Sadykov,Ra"]
[Result "1/2-1/2"]
[WhiteElo "2456"]
[BlackElo "2234"]

1.d4 d5 2.Nf3 Nf6 3.c4 c6 4.Qb3 dxc4 5.Qxc4 Bf5 6.g3 e6 7.Bg2 Be7 8.O-O O-O
9.e3 Nbd7 10.Rd1 Rc8 11.Qe2 c5 12.Nc3 Ne4 13.dxc5 Nxc3 14.bxc3 Qc7 15.c6 bxc6
16.Nd4 Nb8 17.h4 c5 18.Nxf5 exf5 19.Rb1 Nc6 20.c4 Rfd8 21.Bb2 Rxd1+ 22.Rxd1 Rd8
23.Rxd8+ Nxd8 24.Qd3 g6 25.Bd5 Kf8 26.h5 Qb6 27.Qc3 f6 28.hxg6 hxg6 29.Qc2 Kg7
30.Bc3 Nf7  1/2-1/2

[Event "1st Simon Bolivar Open 2012"]
[Site "San Cristobal VEN"]
[Date "2012.09.29"]
[Round "9.10"]
[White "Cordova,E"]
[Black "Medina,J CUB"]
[Result "1-0"]
[WhiteElo "2554"]
[BlackElo "2287"]

1.d4 d5 2.Nf3 Nf6 3.c4 c6 4.Qb3 e6 5.Bg5 h6 6.Bh4 Nbd7 7.Nbd2 Be7 8.e3 O-O
9.Bd3 b6 10.Rc1 c5 11.cxd5 exd5 12.Bf5 c4 13.Qc2 b5 14.O-O Nb6 15.Ne5 Bxf5
16.Qxf5 Qc8 17.Qb1 Qb7 18.f4 Rfe8 19.Bxf6 Bxf6 20.Rf3 Re6 21.Rg3 Nc8 22.Qf5 Nd6
23.Qh5 Kf8 24.Rf3 b4 25.g4 c3 26.bxc3 bxc3 27.Rxc3 Rc8 28.Rxc8+ Qxc8 29.Nb3 g6
30.Qxh6+ Bg7 31.Qh4 Ne4 32.Rf1 Qc3 33.Qd8+  1-0

[Event "TCh-FIN SM 2012-13"]
[Site "Helsinki FIN"]
[Date "2012.09.30"]
[Round "2.5"]
[White "Fraser,S"]
[Black "Issakainen,A"]
[Result "1/2-1/2"]
[WhiteElo "2132"]
[BlackElo "2212"]

1.Nf3 d5 2.d4 Nf6 3.c4 c6 4.Qb3 g6 5.Nc3 Bg7 6.cxd5 cxd5 7.Bg5 e6 8.e3 O-O
9.Bd3 Nc6 10.O-O h6 11.Bxf6 Bxf6 12.Rfc1 g5 13.h3 Kg7 14.Ne2 h5 15.Ng3 Rh8
16.Qd1 h4 17.Ne2 Bd7 18.Rab1 a5 19.Bb5 Qe7 20.Nc3 Rag8 21.Nh2 Qd6 22.Na4 Bd8
23.Nc5 Bc8 24.Bxc6 bxc6 25.Nd3 f6 26.Qc2 Bd7 27.Qc5 Qc7 28.b4 axb4 29.Nxb4 Kg6
30.Nxc6 Bxc6 31.Qxc6 Qxc6 32.Rxc6 Re8 33.Rb7 Kf5 34.Ra6 Be7 35.Rbb6 Bd8 36.Rb5 Bc7
37.Nf1 Rb8 38.Rxb8 Rxb8 39.Rc6 Ba5 40.g4+ Kg6 41.Rxe6 Rb2 42.Rd6 Be1 43.Rxd5 Bxf2+
44.Kh1 Rxa2 45.Rf5 Re2 46.Kg2 Be1+ 47.Kf3 Ra2 48.Ke4 Ra3 49.Kd5 Ra5+ 50.Ke6 Ra6+
51.Kd7 Ra7+ 52.Kc6 Ra6+ 53.Kb7 Ra2 54.d5 Bb4 55.Kc6 Ra1 56.Rf2  1/2-1/2

[Event "Oslo GM Open 2012"]
[Site "Oslo NOR"]
[Date "2012.09.30"]
[Round "6.7"]
[White "Donchenko,An"]
[Black "Houska,Jo"]
[Result "1/2-1/2"]
[WhiteElo "2364"]
[BlackElo "2398"]

1.d4 d5 2.c4 c6 3.Nf3 Nf6 4.Qc2 dxc4 5.Qxc4 Bf5 6.g3 e6 7.Bg2 Nbd7 8.O-O Be7
9.Nc3 O-O 10.e3 Ne4 11.Qe2 Nxc3 12.bxc3 Be4 13.Bb2 Qa5 14.c4 c5 15.Ne1 Bxg2
16.Nxg2 cxd4 17.exd4 Ba3 18.Rfd1  1/2-1/2

[Event "Oslo GM Open 2012"]
[Site "Oslo NOR"]
[Date "2012.09.30"]
[Round "9.5"]
[White "Groenn,A"]
[Black "Pohjala,H"]
[Result "1-0"]
[WhiteElo "2364"]
[BlackElo "2306"]

1.d4 d5 2.Nf3 Nf6 3.c4 c6 4.Qc2 e6 5.g3 b6 6.Bg2 Nbd7 7.O-O Bb7 8.Nc3 Be7
9.b3 O-O 10.Rd1 Qc8 11.Bb2 Qc7 12.e4 Nxe4 13.Nxe4 dxe4 14.Qxe4 c5 15.d5 Bf6
16.Bxf6 Nxf6 17.Qe5 Qxe5 18.Nxe5 exd5 19.cxd5 Rfe8 20.f4 Rad8 21.Rd2 Kf8
22.Rad1 Rd6 23.Nc4 Rdd8 24.d6 Bxg2 25.Kxg2 Ne4 26.Rd3 b5 27.d7 Re6 28.Na5 Rb6
29.g4 f5 30.gxf5 Nf6 31.a4 a6 32.Kf3 Ke7 33.Re3+ Kf7 34.Re6 Rxd7 35.Rxf6+ Kxf6
36.Rxd7 bxa4 37.bxa4 Rb4 38.Rd5 c4 39.Rc5 c3 40.Rxc3 Rxa4 41.Rc5 Ra2 42.h4 h5
43.Nc4 Rh2 44.Rc6+  1-0

[Event "21st TCh-CRO 1a 2012"]
[Site "Sibenik CRO"]
[Date "2012.09.30"]
[Round "8.34"]
[White "Kurajica,B"]
[Black "Kovacevic,Bl"]
[Result "1/2-1/2"]
[WhiteElo "2556"]
[BlackElo "2446"]

1.d4 d5 2.c4 c6 3.Nf3 Nf6 4.Qb3 e6 5.g3 Be7 6.Bg2 O-O 7.O-O Nbd7 8.Nfd2 Qb6
9.Qd3 e5 10.cxd5 cxd5 11.dxe5 Nxe5 12.Qb3 Qa6 13.Nf3 Nc6 14.e3 Be6 15.Qd1 Rad8
16.Nc3 Ne4 17.Ne2 Bf6 18.Nfd4 Nc5 19.Bd2 Nxd4 20.Nxd4 Bxd4 21.exd4 Ne4 22.Bf4 Rc8
23.Qb3 Rc6 24.Rfe1 Rb6 25.Qc2 Rc8 26.Qe2 Qxe2 27.Rxe2 h6 28.f3 Nd6 29.g4 Nc4
30.b3 Na3 31.Rc1 Rbc6 32.Rxc6 Rxc6 33.Bf1 a6 34.Kf2 f6 35.h3 Kf7 36.Rd2 g5
37.Bb8 Nb1 38.Rb2 Nc3 39.Ke1 Nb5 40.Rd2 Rc8 41.Bg3 Rc1+ 42.Kf2 f5 43.Bxb5  1/2-1/2

[Event "Tatry Open 2012"]
[Site "Tatranske Zruby SVK"]
[Date "2012.09.30"]
[Round "9.53"]
[White "Drabek,M"]
[Black "Malinovsky,J"]
[Result "1-0"]
[WhiteElo "2023"]
[BlackElo "1837"]

1.d4 d5 2.Nf3 c6 3.Nbd2 Nf6 4.c4 e6 5.g3 Bb4 6.Qc2 Ne4 7.Bg2 Nd7 8.O-O Nxd2
9.Bxd2 Bxd2 10.Nxd2 O-O 11.e3 Nf6 12.Rac1 Qa5 13.Qc3 Qxc3 14.Rxc3 a5 15.Rfc1 Bd7
16.Nb3 Ra7 17.Nc5 Bc8 18.Na4 dxc4 19.Nc5 b6 20.Ne4 Nxe4 21.Bxe4 b5 22.Bxc6 Bd7
23.Bxd7 Rxd7 24.a4 Rb7 25.R1c2 g6 26.axb5 Rxb5 27.Rxc4 Rfb8 28.Rc8+ Rxc8
29.Rxc8+ Kg7 30.Rc2 h5 31.h4 Kf6 32.Kg2 e5 33.dxe5+ Kxe5 34.Kf3 f6 35.Ke2 g5
36.f3 gxh4 37.gxh4 Kf5 38.Kf2 Ke5 39.Kg3 Kf5 40.Rd2 Ke6 41.Kf4 Rf5+ 42.Ke4 Rb5
43.Kf4 Rf5+ 44.Kg3 Rb5 45.e4 Ke5 46.Rd8 Ke6 47.Re8+ Kf7 48.Ra8 Ke6 49.Kf4 Kf7
50.Ra6 Kg7 51.b3 Kg6 52.Rd6 Rxb3 53.e5 Rb4+ 54.Kg3 Rb5 55.Rxf6+ Kg7 56.Kf4 a4
57.Ra6 Rb4+ 58.Kg5 Kf7 59.f4 Ke8 60.f5 Kd7 61.e6+ Kc7 62.e7 Kd7 63.f6 Ke8
64.Ra8+  1-0

[Event "Tatry Open 2012"]
[Site "Tatranske Zruby SVK"]
[Date "2012.09.30"]
[Round "9.15"]
[White "Taborsky,R"]
[Black "Vanka,M"]
[Result "0-1"]
[WhiteElo "2254"]
[BlackElo "2129"]

1.d4 Nf6 2.g3 d5 3.c4 c6 4.Nf3 Bf5 5.Nc3 e6 6.Bg2 Bd6 7.Qb3 Qc8 8.Nd2 Nbd7
9.O-O O-O 10.Re1 h6 11.Qd1 Qc7 12.e4 dxe4 13.c5 Be7 14.Nc4 Nd5 15.Nxe4 Bxe4
16.Bxe4 N7f6 17.Bg2 Rfd8 18.Qc2 Bf8 19.a3 Ne7 20.Bf4 Qd7 21.Rad1 Ng6 22.Be5 Nd5
23.b4 Be7 24.Bd6 Bxd6 25.Nxd6 a5 26.Qb3 b5 27.Bxd5 exd5 28.Re3 axb4 29.axb4 Ra7
30.Rde1 Qg4 31.Re8+ Rxe8 32.Rxe8+ Kh7 33.Qb1 Qxd4 34.h4 Ra1  0-1

[Event "Florence Move 2012"]
[Site "Florence ITA"]
[Date "2012.10.05"]
[Round "1.1"]
[White "La Bella,M"]
[Black "Sanchez,Joseph"]
[Result "0-1"]
[WhiteElo "2007"]
[BlackElo "2544"]

1.d4 d5 2.c4 c6 3.Nf3 Nf6 4.g3 Nbd7 5.Bg2 dxc4 6.O-O g6 7.Qc2 Nb6 8.e4 Bg7
9.Bg5 Bg4 10.Rd1 Qc8 11.Nbd2 O-O 12.a4 a5 13.Rac1 Re8 14.Be3 Ra6 15.Re1 Bh3
16.Bg5 h6 17.Bxf6 exf6 18.Nxc4 Nxc4 19.Qxc4 Bxg2 20.Kxg2 Rb6 21.b3 Rb4 22.Qd3 Qd7
23.Re2 Qe6 24.Rc4 f5 25.e5 Rb6 26.Rb2 Bf8 27.Rcc2 Rd8 28.Qc4 Rd5 29.Qd3 Be7
30.Rc4 g5 31.Qe3 Kg7 32.Ne1 c5 33.Nd3 cxd4 34.Rxd4 Rc6 35.Rxd5 Qxd5+ 36.Qf3 Qe4
37.Qxe4 fxe4 38.Ne1 Kg6 39.Nc2 Bc5 40.Kf1 Kf5 41.b4 axb4 42.a5 Ra6 43.Nxb4 Rxa5
44.Nd5 Bd4 45.Ne7+ Ke6 46.Rxb7 Ra2 47.Nc6 Rxf2+ 48.Kg1 Bc5 49.Nd8+ Kxe5 50.Kh1 e3
51.Rb5 e2 52.Rxc5+ Kd4 53.Rc1 Rf1+  0-1

[Event "TCh-SWE Elite 2012-13"]
[Site "Malmo SWE"]
[Date "2012.10.05"]
[Round "1"]
[White "Semcesen,D"]
[Black "Hammar,U"]
[Result "1/2-1/2"]
[WhiteElo "2471"]
[BlackElo "2193"]

1.d4 d5 2.c4 c6 3.Nf3 Nf6 4.Qc2 dxc4 5.e4 b5 6.b3 cxb3 7.axb3 Bg4 8.Nbd2 e6
9.Bd3 Bxf3 10.Nxf3 Bb4+ 11.Ke2 h6 12.h3 Qe7 13.Be3 O-O 14.g4 Nbd7 15.Rhg1 e5
16.g5 hxg5 17.Rxg5 Nh7 18.Rg3 c5 19.dxe5 Nxe5 20.Rag1 g6 21.Bxb5 Rfd8 22.Nxe5 Qxe5
23.Bc4 Nf8 24.Rg5 Qe7 25.e5 Kg7 26.h4 Rab8 27.Rf5 Ne6 28.Rf6 Rd2+ 29.Qxd2 Bxd2
30.Bxe6 Bxe3 31.fxe3 Rh8 32.Rxf7+ Qxf7 33.Bxf7 Kxf7 34.Rg4 Rh5 35.Ra4 Ke6
36.Rxa7 Rxh4 37.Ra5 Rb4 38.Rxc5 Rxb3 39.Kf3 Rb4 40.Ra5 Rc4 41.Ra6+ Kxe5 42.Rxg6 Ra4
43.Rh6 Rb4 44.Ra6 Kf5 45.Ra5+ Kf6 46.Ra6+ Ke5 47.Ra8 Ke6 48.Re8+ Kf7 49.Re4 Rxe4
50.Kxe4 Ke6 51.Kf4 Kf6 52.Ke4 Ke6 53.Kd4 Kd6 54.e4 Ke6 55.e5 Ke7 56.Kd5 Kd7
57.e6+ Ke7 58.Ke5 Ke8 59.Kd6 Kd8 60.e7+ Ke8 61.Ke6  1/2-1/2

[Event "TCh-SWE Elite 2012-13"]
[Site "Malmo SWE"]
[Date "2012.10.06"]
[Round "2"]
[White "Semcesen,D"]
[Black "Scheid,Adam"]
[Result "1-0"]
[WhiteElo "2471"]
[BlackElo "2009"]

1.d4 Nf6 2.c4 c6 3.Nf3 d5 4.Qb3 g6 5.Nc3 Bg7 6.Bg5 dxc4 7.Qxc4 Bf5 8.e3 O-O
9.Be2 Nbd7 10.O-O Qc7 11.Bf4 Qc8 12.h3 Ne4 13.Rfd1 Nb6 14.Qb3 c5 15.Nxe4 Bxe4
16.Rac1 Bd5 17.Qa3 c4 18.Qxe7 Re8 19.Qb4 Bf8 20.Qa5 Qe6 21.Nd2 Rac8 22.Bg4 f5
23.Bf3 a6 24.Be5 Bxf3 25.Nxf3 Nd5 26.a3 b5 27.Re1 Qc6 28.Red1 b4 29.axb4 Bxb4
30.Qa2 a5 31.Bg3 Qb5 32.Ne5 Nb6 33.Rc2 Qa4 34.Qxa4 Nxa4 35.f3 c3 36.b3 Nb2
37.Ra1 Ra8 38.Be1 Rec8 39.Kf1 a4 40.bxa4 Rxa4 41.Rxa4 Nxa4 42.Ke2 Kg7 43.Nd3 Ba5
44.Ra2 Rc4 45.Kd1 f4 46.e4 Rxd4 47.Kc2 g5 48.Bf2 Rc4 49.Ne5 Rb4 50.Nc6 Rb5
51.Bd4+ Kg6 52.Rxa4 Rb2+ 53.Kc1 Bc7 54.e5 Rxg2 55.Ra7  1-0

[Event "TCh-NED Meesterklasse 2012-13"]
[Site "Netherland NED"]
[Date "2012.10.06"]
[Round "2.9"]
[White "Peng Zhaoqin"]
[Black "Diepeveen,V"]
[Result "1-0"]
[WhiteElo "2411"]
[BlackElo "2264"]

1.d4 d5 2.c4 c6 3.Nf3 Nf6 4.Qc2 dxc4 5.Qxc4 Bf5 6.g3 Nbd7 7.Bg2 Nb6 8.Qb3 Qd5
9.Nbd2 e6 10.O-O Be7 11.Ne5 Qxd4 12.Ndc4 Nxc4 13.Qxb7 Nxe5 14.Qxa8+ Qd8 15.Qxa7 O-O
16.Bf4 Ng6 17.Rfd1 Qc8 18.Rac1 Be4 19.Bxe4 Nxe4 20.Qa4 Nc5 21.Qc4 Nxf4 22.Qxf4 Qb7
23.Qd4 Qb5 24.b4 Na6 25.a3 Nb8 26.Qc4 Qa4 27.Rd3 g6 28.Rcd1 Qa7 29.e3 Qb6
30.h4 h5 31.Rb3 Qb7 32.Rbd3 Rc8 33.R1d2 Rc7 34.Rd8+ Bxd8 35.Rxd8+ Kg7 36.Qd4+ f6
37.Qd6 Re7 38.Rxb8 Qd7 39.Rd8 Qxd6 40.Rxd6 c5 41.bxc5 Ra7 42.Rd3  1-0

[Event "St Petersburg Rapid Cup 2012"]
[Site "St Petersburg RUS"]
[Date "2012.10.06"]
[Round "8.4"]
[White "Vitiugov,N"]
[Black "Inarkiev,E"]
[Result "1/2-1/2"]
[WhiteElo "2691"]
[BlackElo "2683"]

1.d4 d5 2.c4 c6 3.Nf3 Nf6 4.Qb3 dxc4 5.Qxc4 Bg4 6.Nbd2 Nbd7 7.g3 e6 8.Bg2 Be7
9.O-O O-O 10.Ne5 Bh5 11.Nxd7 Nxd7 12.e3 e5 13.Nb3 exd4 14.Nxd4 Bf6 15.Qc2 Bxd4
16.exd4 Nb6 17.Be3 Qd7 18.Rfe1 Rfe8 19.Qc5 Nd5 20.h3 h6 21.Bd2 Be2 22.Qc2 Bh5
23.Re5 Bg6 24.Qb3 Nf6 25.Qe3 Rad8 26.Ba5 b6 27.Bc3 Nd5 28.Qf3 Rxe5 29.dxe5 Nxc3
30.Qxc3 c5 31.a4 Qd2 32.Bf1 Be4 33.a5 Bc6 34.Bg2 Bxg2 35.Kxg2 Qd5+ 36.Kg1 c4
37.axb6 axb6 38.Rb1 Qd3 39.Re1 b5 40.e6 fxe6 41.Rxe6 Qf5 42.Qe5 Rd1+ 43.Kg2 Qb1
44.Re7 Rg1+ 45.Kf3 Qd3+ 46.Kf4 Qg6 47.Qd5+ Kh7 48.Re6 Qc2 49.Qf5+ Qxf5+ 50.Kxf5 Rb1
51.Re2 Rd1 52.Rc2 Rd3 53.h4 Kg8 54.Ke6 Rf3 55.Rd2 Kh7 56.h5 Rd3 57.Rc2 g6
58.hxg6+ Kxg6 59.Re2 b4 60.Re4 Rb3 61.Rxc4 Rxb2 62.Rg4+ Kh7 63.f4 b3 64.Kf7 Ra2
65.Rg7+ Kh8 66.Rg8+ Kh7 67.Rb8 b2 68.Kf6 Ra3 69.Rb7+ Kg8 70.Rb8+ Kh7 71.Rb7+ Kg8
72.Rxb2 Rxg3 73.Rb8+ Kh7 74.Rb7+ Kg8 75.f5 h5 76.Rb8+ Kh7 77.Kf7 Ra3 78.Re8 h4
79.Re4 Ra7+ 80.Kf6 Ra6+ 81.Kg5 h3 82.Rh4+ Kg7 83.Rxh3 Ra1 84.f6+ Kg8 85.Re3 Rg1+
86.Kf5 Kf7 87.Re7+ Kf8 88.Re5 Kf7  1/2-1/2